000 00556nam a2200205Ia 4500
003 GCL
008 140319s9999 xx 000 0 ara d
040 _aGCL /
_cGCL
082 0 4 _a812
_bا ق
100 1 _aابراهيم موسى
245 1 0 _aقبقاب عليوة /
_cابراهيم موسى
700 1 _aنصر عسكر
300 _a128 ص
490 _a
650 0 4 _aالادب العربى
650 0 4 _aالائتمان
650 0 4 _aالمسرحيات السياسية
650 0 4 _aالمسرحيات العربية
942 _2ddc
_cBK
999 _c40133
_d40133